Harry Potter Siblings Quiz - Statistics

General Stats
  • This quiz has been taken 9,599 times
    9,560 since last reset
  • The average score is 16 of 23
Answer Stats
Character Sibling % Correct
Percy Weasley Ron
100%
Percy Weasley Fred
99%
Percy Weasley George
99%
Percy Weasley Ginny
99%
Percy Weasley Bill
97%
Percy Weasley Charlie
95%
Lily Evans Petunia
90%
James Sirius Potter Albus
80%
Sirius Black Regulus
80%
Albus Dumbledore Aberforth
79%
James Sirius Potter Lily
76%
Albus Dumbledore Ariana
75%
Padma Patil Parvati
74%
Bellatrix Black Narcissa
73%
Colin Creevey Dennis
63%
Fleur Delacour Gabrielle
63%
Bellatrix Black Andromeda
51%
Amycus Carrow Alecto
47%
Cadmus Peverell Ignotus
42%
Merope Gaunt Morfin
37%
Molly Weasley Gideon
33%
Cadmus Peverell Antioch
23%
Molly Weasley Fabion
13%
No matching quizzes found
Score Distribution
Percent of People with Each Score
Percentile by Number Answered
Your Score History
You have not taken this quiz since the last reset